|
|
|
|
| LEADER |
00000nam a22000007a 4500 |
| 005 |
20180224144940.0 |
| 007 |
cr|||| |||| |
| 008 |
180224s2012 es |||||s|||| 00||0 spa d |
| 020 |
|
|
|a 978-84-9123-327-5
|
| 035 |
|
|
|a 20987
|
| 040 |
|
|
|a vLex
|
| 090 |
|
|
|c 7411
|d 7411
|
| 100 |
1 |
|
|a Guerrero Lebrn̤, Mara̕ Jess︢
|
| 245 |
1 |
0 |
|a Cuestiones actuales del derecho ařeo
|h [Recurso electrn̤ico] /
|c Mara̕ Jess︢ Guerrero Lebrn̤
|
| 256 |
|
|
|a Servicio en ln̕ea
|
| 260 |
|
|
|a Madrid:
|b Marcial Pons,
|c 2012
|
| 300 |
|
|
|a 1 recurso electrn̤ico
|
| 500 |
|
|
|a El notable desarrollo que ha experimentado el transporte ařeo de pasajeros ha propiciado el desarrollo de la industria aeronùtica, as ̕como de los sectores convergentes. En torno a ellos se generan multitud de relaciones jurd̕icas, algunas reguladas desde los comienzos de la aviacin̤ y otras que an︢ carecen de un tratamiento adecuado. En cualquier caso, al estar en permanente evolucin̤, tanto unas como otras han de ser objeto de atencin̤ por los estudiosos del Derecho, que no deben centrarse en un mero anl̀isis ter̤ico, sino que, por el contrario, han de propiciar una visin̤ pragmt̀ica de la realidad contemplada. De ah ̕la utilidad de la celebracin̤ de eventos como el IV Congreso Internacional de Derecho Ařeo, que consigui ̤reunir en Sevilla a multitud de expertos en la materia procedentes de m̀bitos acadm̌icos y profesionales. Algunas de las intervenciones realizadas por los ponentes invitados y los comunicantes que participaron en el Congreso han quedado recogidas en este libro, que esperamos sea valorado por los lectores como una notable aportacin̤ cientf̕ica a la creciente rama del Derecho ařeo.
|
| 506 |
1 |
|
|a Disponible solo en los productos indicados
|d vLex Global
|d vLex Global (Academic Edition, excluding Law Schools)
|d vLex Global (U.S. Academic Edition, Law Schools)
|d vLex Global (U.S. Academic Edition, excluding Law Schools)
|d vLex Global (Academic Edition, Law Schools)
|
| 650 |
0 |
4 |
|a Derecho Mercantil y de la Empresa
|z Espaą
|
| 740 |
0 |
|
|a vLex Libros (Servicio en ln̕ea)
|
| 856 |
4 |
0 |
|u http://vlex.com/source/cuestiones-actuales-del-derecho-aereo-20987
|z Acceso restringido
|
| 942 |
|
|
|c BOOK
|
| 999 |
0 |
|
|a Commercial and Company Law
|